Narco Jihad: When drugs fund terror (Record no. 3902)

MARC details
000 -LEADER
fixed length control field 00450nam a22001817a 4500
003 - CONTROL NUMBER IDENTIFIER
control field OSt
005 - DATE AND TIME OF LATEST TRANSACTION
control field 20251203134938.0
008 - FIXED-LENGTH DATA ELEMENTS--GENERAL INFORMATION
fixed length control field 251203b |||||||| |||| 00| 0 eng d
020 ## - INTERNATIONAL STANDARD BOOK NUMBER
International Standard Book Number 9798898546601
082 ## - DEWEY DECIMAL CLASSIFICATION NUMBER
Classification number 363.45
Item number BHAN
100 ## - MAIN ENTRY--PERSONAL NAME
Personal name Bhalla, Monish
245 ## - TITLE STATEMENT
Title Narco Jihad: When drugs fund terror
260 ## - PUBLICATION, DISTRIBUTION, ETC.
Place of publication, distribution, etc. India
Name of publisher, distributor, etc. Notion Press
Date of publication, distribution, etc. 2025
300 ## - PHYSICAL DESCRIPTION
Extent 408p
546 ## - LANGUAGE NOTE
Language note English
650 ## - SUBJECT ADDED ENTRY--TOPICAL TERM
Topical term or geographic name entry element Social Problems & Services
942 ## - ADDED ENTRY ELEMENTS (KOHA)
Source of classification or shelving scheme Dewey Decimal Classification
Koha item type Book
Holdings
Withdrawn status Lost status Source of classification or shelving scheme Damaged status Not for loan Collection code Home library Current library Shelving location Date acquired Source of acquisition Cost, normal purchase price Total Checkouts Full call number Barcode Date last seen Price effective from Koha item type
    Dewey Decimal Classification     Non-fiction RIC Library RIC Library General Stacks 12/03/2025 Gifted by Monish Bhalla Frd of O.P. dadhich (Mem.) 899.00   363.45 BHAN 003180 12/03/2025 12/03/2025 Book

Venue

Rajasthan International Centre
Sansthan Path,JLN Marg, Jaipur- 302017
Phone: +91-7230904025